Diophantische Approximationen : eine Einführung in die Zahlentheorie /
Guardado en:
| Autor Principal: | |
|---|---|
| Formato: | Libro |
| Idioma: | German |
| Publicado: |
New York :
Chelsea,
1957.
|
| Etiquetas: |
Agregar Etiqueta
Sin Etiquetas, Sea el primero en etiquetar este registro!
|
| LEADER | 00519nam a22001575a 4500 | ||
|---|---|---|---|
| 001 | MAT.inmabb001130 | ||
| 008 | 031120s1957####nyu###########000#0#ger#d | ||
| 005 | 20170811121020.0 | ||
| 245 | 1 | 0 | |a Diophantische Approximationen : |b eine Einführung in die Zahlentheorie / |c von Hermann Minkowski. |
| 260 | |a New York : |b Chelsea, |c 1957. | ||
| 300 | |a viii, 235 p. ; |c 21 cm. | ||
| 500 | |a Corrected reprinting. | ||
| 510 | 4 | |a MR, |c MR0086102 | |
| 100 | 1 | |a Minkowski, Hermann. | |
| 084 | |a 11-XX |2 msc2000 | ||
| 859 | |h 11 |i M665 |p A-1103 |b BIB. MATEMATICA | ||
